Quizzes
Events
Quiz Creation
Community
Videos
Private Events
Remove Ads
Sign In
Join for FREE
Feedback
Dark Mode
Quiz Categories
Sports
Geography
Music
Movies
Television
Just For Fun
Miscellaneous
History
Literature
Language
Science
Gaming
Entertainment
Religion
Holiday
For Kids
Quiz Lab
Recent
Popular Today
Quiz Kudos Today
Editor Picks
Curator Picks
Quizzes by...
Day
Popularity
Type
Ratings
Length
Year
Community
Subscriptions
Recent Discussions
Orange Saloon
Badges
Playlists
Quests
Create
Leaderboards
Showdown
Live 5
Trivia Bingo
Activity
Puzzle Library
Sporcle Events
Private Events
Virtual Trivia
Globe League
Become a Host
Pub Owners
SporcleCon
Opinionation
Our Games
Videos
Blog
Mobile Apps
Partnerships
Remove Ads and Go Orange
Feedback
Just For Fun
Clickable
Get the Picture
Humor
Quick Pick
Word Ladder
Missing Word
Mixed Word
Blitz
Minefield
This or That
Alphabet
Color
Typing
Sporcle
Puzzle
Word Play
Follow That Line
Logic
Just For Fun
Clickable
Get the Picture
Humor
Quick Pick
Word Ladder
Missing Word
Mixed Word
Blitz
Minefield
This or That
Alphabet
Color
Typing
Sporcle
Puzzle
Word Play
Follow That Line
Logic
Random Quiz
Search Sporcle
×
Quiz Lab
Quiz Lab
Just For Fun
Numbers
Type in answers that appear in a list
Type in answers that appear in a list
Classic
Best Score? Go Orange.
Name the Accting Standard Codifications Stats
Can you name the Name the Accting Standard Codifications?
By
SteveD27
10m
58 Questions
25 Plays
25 Plays
25 Plays
Comments
Comments
Give Quiz Kudos
Give Quiz Kudos
-
- Ratings
hide this ad
Replay
Link that replays current quiz
Next Quiz
Link to next quiz in quiz playlist
You Got
0%
They Got
Avg Score
49%
Avg Friend Score
Upgrade to see
Score Distribution
Jump to the score distribution portion of the page
Score
0/58
Timer
10:00
0
Plays Today
Number
Codification Topic
% Correct
215
Statement of Shareholder Equity
80%
480
Distinguishing Liabilities from Equity
80%
505
Equity
80%
350
Intangibles - Goodwill and Other Assets
76%
405
Liabilities
76%
325
Investments - Other
68%
360
Property, Plant, and Equipment
68%
430
Deferred Revenue
68%
470
Debt
68%
220
Comprehensive Income
64%
225
Income Statement
64%
450
Contingencies
64%
330
Inventory
60%
440
Commitments
60%
718
Compensation - Stock Compensation
60%
820
Fair Value Measurements and Disclosures
60%
840
Leases
60%
850
Related Party Disclosures
60%
105
Generally Accepted Accounting Principles
56%
210
Balance Sheet
56%
720
Other Expenses
56%
230
Statement of Cash Flows
52%
305
Cash and Cash Equivalents
52%
310
Receivables
52%
460
Guarantees
52%
605
Revenue Recognition
52%
835
Interest
52%
855
Subsequent Events
52%
260
Earnings per Share
48%
Number
Codification Topic
% Correct
320
Investments - Debt and Equity Securities
48%
805
Business Combinations
48%
205
Presentation of Financial Statements
44%
235
Notes to Financial Statements
44%
710
Compensation - General
44%
712
Compensation - Nonretirement Postemployment Benefits
44%
715
Compensation - Retirement Benefits
44%
740
Income Taxes
44%
860
Transfers and Servicing
44%
255
Changing Prices
40%
274
Personal Financial Statements
40%
323
Investments - Equity Method and Joint Ventures
40%
410
Asset Retirement and Environmental Obligations
40%
825
Financial Instruments
40%
250
Accounting Changes and Error Corrections
36%
272
Limited Liability Entities
36%
280
Segment Reporting
36%
340
Other Assets and Deferred Costs
36%
420
Exit or Disposal Cost Obligiations
36%
705
Cost of Sales and Services
36%
808
Collaborative Arrangements
36%
830
Foreign Currency Matters
36%
845
Nonmonetary Transactions
36%
852
Reorganizations
36%
270
Interim Reporting
28%
275
Risks and Uncertainties
28%
810
Consolidations
28%
815
Derivatives and Hedging
24%
730
Research and Development
20%
Quiz Playlist
Details
Report
Send in Message
Add To Playlist
Classic:
Type in answers that appear in a list
Last Updated: Feb 16, 2017
Quiz Scoreboard
CHALLENGE
Sign Up to Join the Scoreboard
Show All
Scores
Hide
Comments
May contain spoilers
Recently Published
Popular People in 1961
by mucciniale
History
6m
1-10 Letter E Words III
by El_Dandy
Language
2m
One Thing in Common: World Cities II
by knightlancer
Geography
7m
More to Explore
Quiz From the Vault
Featured Blog Post
Where Did the Easter Bunny Come From?
hide this ad
You Might Also Like...
Tags
Numbers Quiz
standard
topic
Today's Top Quizzes in Just For Fun
Browse Just For Fun
hide this ad
Today's Top Quizzes in Numbers
Browse Numbers
Top Contributed Quizzes in Just For Fun
1
Harry Potter Logic - 'In Chains' II
2
Survivor Winners Logic Puzzle
3
Crossword Whiteout! 49
4
Letter's Position in the Alphabet Blitz
5
Thermometer Puzzle 25
6
Aquarium Logic Puzzle 17
7
Big Thermometer Puzzle 21
8
Clickable 1 to 100 Minefield
9
K-Pop Idol Olympics Logic Quiz II
10
Tapa Puzzle
Explore More
Trending Topics
Anime
Disney
Crossword
Kpop
Harry Potter
NBA
Marvel
WWE
Soccer
Puzzle
Country
Pokémon
NFL
The Office
Song
hide this ad
More By:
SteveD27
Quiz
Plays
Rating
Category
Featured
Created
Finish These Rap Lyrics
312
1.50
Just For Fun
Oct 28, 2010
Name the Accting Standard Codifications
25
Just For Fun
Oct 19, 2010
Barnes Wendling Audit Team (and Friends)
8
Just For Fun
Sep 27, 2010
Go to Creator's Profile
Score Distribution
Quiz Creator Spotlight
SteveD27
Follow
Send a Message
Quizzes Created
-
Created Quiz Play Count
-
More By This Creator
Popular Quizzes Today
1
Find the US States - No Outlines Minefield
2
The Countries of the World
3
Find the Countries of Europe - No Outlines Minefield
4
Popular People in 1961
5
1-10 Letter E Words III
6
Find the US States
7
One Thing in Common: World Cities II
8
US States
More Just For Fun Quizzes
Missing Word: Stuck in the Middle with You II
Published
Trending Quizzes
Risky Map Clicking: Least Populous States A-Z
1-10 Letter F Words
1-10 Letter G Words
One Thing in Common: United Kingdom
Risky Map Clicking: Next State Alphabetically
Recently Updated
Leaping Animals
pecheneg
Reality TV Shows (A-Z)
bhenderson79
Rickey Henderson's Hall of Fame Teammates
pecheneg
Champions League XIs: Arsenal
pecheneg
Quick Pick: Celebrities in WWE's Hall of Fame
aduchscher
A-Z Keypad Blitz II
pecheneg
Multiple Oscar Actors
pecheneg
Mystery Phrase Blitz: Oscar 'Best Actors'
pecheneg
F. Scott Fitzgerald Novels
LTH
Pick 3 Villains
ddd62291
Trending Topics
Kpop
Crossword
Anime
Marvel
Harry Potter
NBA
Disney
Country
WWE
Soccer
The Office
NFL
Pokémon
Puzzle
Song
Your Account Isn't Verified!
In order to create a playlist on Sporcle, you need to verify the email address you used during registration. Go to your
Sporcle Settings
to finish the process.
Report this User
Report this user for behavior that violates our
Community Guidelines
.
Details:
Send Report
Go to the Sporcle.com Mobile Site →
Comments